Biggest cities in Turkey - Statistics

General Stats
  • This quiz has been taken 61 times
  • The average score is 18 of 50
Answer Stats
Hint Answer % Correct
2 Ankara
98%
1 Istanbul
98%
3 Izmir
95%
8 Antalya
84%
4 Bursa
75%
6 Adana
72%
7 Konya
72%
5 Gaziantep
61%
20 Trabzon
61%
17 Van
61%
10 Mersin
60%
16 Samsun
54%
14 Kayseri
51%
9 Diyarbakır
49%
27 Erzurum
49%
25 Sivas
47%
12 Eskişehir
46%
35 Denizli
44%
19 Hatay
44%
23 Manisa
40%
36 Afyon
37%
28 Balıkesir
37%
13 Kocaeli
37%
31 Malatya
37%
21 Batman
33%
18 Sakarya
33%
30 Aydın
32%
15 Kahramanmaraş
30%
11 Urfa
30%
38 Çorum
26%
22 Elazığ
26%
40 Kütahya
26%
46 Uşak
26%
45 Isparta
25%
34 Alanya
19%
33 Adıyaman
18%
49 Düzce
18%
41 Osmaniye
18%
39 Aksaray
14%
26 Gebze
12%
42 Çorlu
7%
48 İskenderun
5%
47 Kızıltepe
2%
44 Siverek
2%
32 Battalgazi
0%
43 İnegöl
0%
24 Kocasinan
0%
50 Manavgat
0%
29 Pamukkale
0%
37 Toroslar
0%
No matching quizzes found
Score Distribution
Percent of People with Each Score
Percentile by Number Answered
Your Score History
You have not taken this quiz